Brooks & Dunn - Neon Moon Lyrics - Statistics

General Stats
  • This quiz has been taken 167 times
  • The average score is 205 of 294
Answer Stats
Lyrics % Correct
of
98%
the
98%
The
98%
a
95%
I
93%
on
93%
on,
93%
And
92%
and
92%
to
92%
To
92%
my
90%
neon
90%
down
88%
moon.
88%
There's
88%
there's
88%
you.
88%
you
88%
side
87%
town,
86%
for
85%
goes
85%
sun
85%
come
84%
in
84%
that
84%
When
84%
be
83%
feelin'
83%
lose
81%
only,
81%
your
81%
door.
79%
one
79%
back
76%
comes
76%
light
76%
lonely,
76%
lonesome
76%
here
74%
if
74%
room
74%
room.
74%
bar
73%
'cross
73%
two
73%
blue.
72%
railroad
72%
always
71%
think
71%
think,
71%
turns
71%
table
70%
way
70%
world
70%
whole
69%
night
67%
tracks.
67%
broken
64%
every
64%
out
63%
rundown
63%
dreams
62%
got
62%
where
62%
spend
60%
alone,
59%
beneath
59%
dance
59%
losing
59%
most
59%
what
59%
see
56%
lovers
52%
watch
52%
beams
51%
wild
51%
close
50%
free.
50%
eyes
49%
sat
49%
young
49%
runnin'
48%
heart
44%
No
44%
sometimes
44%
shadows
42%
how
40%
Oh,
40%
many
38%
this
38%
I've
36%
lies
36%
tears
36%
as
35%
but
34%
lied
34%
cried,
33%
"she'll
33%
long
31%
telling
31%
from
30%
I'll
30%
alright,
29%
or
29%
someday".
29%
poor
27%
smoke-filled
27%
Now,
24%
drink
23%
drink,
23%
by
22%
jukebox
17%
plays
17%
me,
15%
sad
15%
song
14%
words
14%
seem
13%
say
12%
gonna
10%
inside
10%
set
10%
ain't
9%
end.
9%
its
9%
never
8%
hurt
7%
No matching quizzes found
Score Distribution
Percent of People with Each Score
Percentile by Number Answered
Your Score History
You have not taken this quiz